| 000 | 00628cam a22002291 4500 | ||
|---|---|---|---|
| 001 | ca 17001765 | ||
| 003 | DLC | ||
| 005 | 20260227111103.0 | ||
| 008 | 791228s1886 mau 000 0 eng | ||
| 010 | _aca 17001765 | ||
| 035 | _a(OCoLC)5828592 | ||
| 040 |
_aDLC _cDSI _dDLC |
||
| 042 | _apremarc | ||
| 050 | 0 | 0 |
_aND1625 _b.I4 |
| 100 | 1 |
_aIngalls, J Fred, _epub. |
|
| 245 | 1 | 0 | _aInstructions for Kensington lustra and hand painting. |
| 260 |
_aLynn, Mass., _bJ. F. Ingalls, _c1886. |
||
| 300 |
_a48 p. _billus. _c22 cm. |
||
| 650 | 0 | _aPainting. | |
| 650 | 0 | _aDecoration and ornament. | |
| 740 | 0 | _aKensington lustra. | |
| 999 |
_c15115 _d15115 |
||